000 00687nam a2200241Ia 4500
003 OSt
005 20220928111311.0
006 a|||||r|||| 00| 0
007 ta
008 220927b |||||||| |||| 00| 0 eng d
024 _a131151
037 _cTextual
040 _aSDCL
_cSDCL
_beng
041 _2eng
_aeng
082 _aQ4x, L9
100 _aSingh Sanghasen Ed.
_9423077
245 0 _aPapers on the literature of Northern Buddhism.
260 _aDelhi
_bUniversity of Delhi
_c1979
300 _a71p.
_ccm.
700 _a Bethlenfalvy Geza Ed.
_9423078
942 _hQ4x, L9
_cTEXL
_2CC
999 _c739556
_d739556